01952nam a2200301 a 450000100100000000500170001000800410002702000150006802000180008304000250010108200190012624501620014526000410030730000210034850001050036950506630047465000840113765000800122165000840130170000200138570000170140570000280142270000230145070000190147370000230149270000320151571001030154700000077620241030114426.0090509s2002 dr 000 0 spa d a9993483257 a9789993483250 aDO-SdBNPbspacBNPHU a323.042bP273r00aParticipación y representación :bla ciudadanía a la búsqueda de la política /cLeopoldo Artiles Gil ... [et al.] ; edición Desirée Marmolejos. aSanto Domingo :bPUCMM/CUEPS,c2002. a278 p. ;c23 cm. aIncluye referencias bibliográficas al final de los artículos y las notas al pie de las páginas0 tPresentación --tRepresentación y participación: Dilemas, tensiones e interrrelaciones /rJosé Oviedo--tGestión estatal y participación /rFlavio Darío Espinal --tLa participación social en el ámbito educativo: ciudadanía y calidad de la educación /rMarcos Villamán --tLa participación en los proyectos de descentralización: el caso de República Dominicana /rLeopoldo Artiles Gil --tLa participación social en el ámbito municipal dominicano /rPedro Hernández --tOtros mecanismos de participación: control del ejercicio gubernamental por la ciudadanía /tIsis Duarte y Vianela Díaz --tNota sobre los autores. 4aParticipación comunitariazRepública DominicanaxEnsayos, conferencias, etc 4aParticipación socialzRepública DominicanaxEnsayos, conferencias, etc. 4aParticipación políticazRepública DominicanaxEnsayos, conferencias, etc.12aDíaz, Vianela12aDuarte, Isis12aEspinal, Flavio Darío12aHernández, Pedro12aOviedo, José12aVillamán, Marcos12aMarmolejos, Desirée,eed.22a Universidad Católica Madre y Maestra.bCentro Universitario de Estudios Políticos y Sociales